| Tag |
First Indicator |
Second Indicator |
Subfields |
| LEADER |
00000cam a2200000Ia 4500 |
| 001 |
in00002531700 |
| 005 |
20211202192457.0 |
| 006 |
m d f |
| 007 |
cr cn||||||||| |
| 008 |
091123s2009 dcua s f000 0 eng d |
| 035 |
|
|
|a (OCoLC)ocn468826400
|
| 040 |
|
|
|a GPO
|c GPO
|d MvI
|d UtOrBLW
|
| 043 |
|
|
|a n-us---
|
| 049 |
|
|
|a WWW
|
| 074 |
|
|
|a 0876 (online)
|
| 086 |
0 |
|
|a S 1.2:R 26/2009
|
| 245 |
0 |
0 |
|a Diplomatic security :
|b regional security office /
|c United States Department of State, Bureau of Diplomatic Security.
|
| 250 |
|
|
|a 2nd ed.
|
| 264 |
|
1 |
|a Washington, D.C. :
|b Public Affairs, Bureau of Diplomatic Security, U.S. Dept. of State,
|c [2009]
|
| 300 |
|
|
|a 1 online resource (16 pages) :
|b color illustrations
|
| 336 |
|
|
|a text
|b txt
|2 rdacontent
|
| 337 |
|
|
|a computer
|b c
|2 rdamedia
|
| 338 |
|
|
|a online resource
|b cr
|2 rdacarrier
|
| 490 |
1 |
|
|a Department of State publication ;
|v 11496
|
| 500 |
|
|
|a Title from PDF title screen (viewed on Nov. 23, 2009).
|
| 500 |
|
|
|a "Released April 2009."
|
| 500 |
|
|
|a Electronic resource.
|
| 610 |
1 |
0 |
|a United States.
|b Department of State.
|b Bureau of Diplomatic Security.
|
| 650 |
|
0 |
|a Diplomats
|z United States.
|
| 710 |
1 |
|
|a United States.
|b Department of State.
|b Bureau of Diplomatic Security.
|
| 710 |
1 |
|
|a United States.
|b Department of State.
|b Bureau of Public Affairs.
|
| 830 |
|
0 |
|a Department of State publication ;
|v 11496.
|
| 856 |
4 |
0 |
|u https://purl.fdlp.gov/GPO/LPS116684
|t 0
|
| 999 |
|
|
|a MARS
|
| 999 |
f |
f |
|s f2515d9c-c0d2-395f-b45d-07d53d3bf031
|i 7c2a2b58-b75e-3c23-ae50-bc10f755648b
|t 0
|
| 952 |
f |
f |
|a Texas A&M University
|b College Station
|c Electronic Resources
|d Available Online
|t 0
|e S 1.2:R 26/2009
|h Superintendent of Documents classification
|
| 998 |
f |
f |
|a S 1.2:R 26/2009
|t 0
|l Available Online
|